Statistics for Most Populous Counties in Kansas

Click here to take the quiz!

General Stats

  • This quiz has been taken 19 times
  • The average score is 11 of 15

Answer Stats

PopulationCounty% Correct
610,949{Johnson} County
100%
124,559{Douglas} County
88%
521,158{Sedgwick} County
88%
165,645{Wyandotte} County
88%
73,272{Riley} County
81%
176,045{Shawnee} County
81%
67,067{Butler} County
75%
82,280{Leavenworth} County
75%
34,426{Cowley} County
69%
35,237{Miami} County
69%
61,332{Reno} County
69%
53,898{Saline} County
69%
36,345{Finney} County
63%
34,921{Harvey} County
56%
38,632{Crawford} County
50%

Score Distribution

Percentile by Number Answered

Percent of People with Each Score

Your Score History

You have not taken this quiz